| 000 | 00358 a2200157 4500 | ||
|---|---|---|---|
| 001 | 47605 | ||
| 020 | _a978-85-209-2477-8 | ||
| 040 | _cAnchieta - Aquarius | ||
| 100 | _aKaskus, Márcia | ||
| 240 | 1 | 0 |
_aO baú do Seu Machado _lpor |
| 245 | 1 | 0 | _aO baú do Seu Machado |
| 300 | _a31 | ||
| 362 | 0 | _a2010 | |
| 650 | 4 | _aLiteratura infanto-juvenil | |
| 942 | _cBK | ||
| 999 |
_c47605 _d47605 |
||